[Event "BL2-Nord 2122"]
[Site "Germany"]
[Date "2022.07.02"]
[Round "9.8"]
[White "Priebe, Jan"]
[Black "Freter, Anke"]
[Result "1-0"]
[WhiteElo "2193"]
[BlackElo "1856"]
[PlyCount "91"]
[EventDate "2022.03.05"]
[EventType "team-tourn"]
[EventRounds "10"]
[EventCountry "GER"]
[SourceTitle "EXT 2023"]
[Source "ChessBase"]
[SourceDate "2022.10.05"]
[SourceVersion "1"]
[SourceVersionDate "2022.10.05"]
[SourceQuality "1"]
[WhiteTeam "St Pauli"]
[BlackTeam "Norderstedt"]
[WhiteTeamCountry "GER"]
[BlackTeamCountry "GER"]

1. e4 c5 2. Nf3 Nc6 3. d4 cxd4 4. Nxd4 Nf6 5. Nc3 d6 6. Bc4 e5 7. Nf5 Bxf5 8. exf5 a6 9. Be3 b5 10. Bb3 Rc8 11. g4 h5 12. g5 Ng4 13. Qd5 Qd7 14. Qe4 Nxe3 15. fxe3 Na5 16. 0-0-0 Nc4 17. Nd5 Qc6 18. Rd3 Be7 19. h4 Bd8 20. Rhd1 a5 21. Nc3 Bb6 22. Qxc6+ Rxc6 23. Nxb5 Bxe3+ 24. Kb1 e4 25. Rd5 0-0 26. Bxc4 Rxc4 27. Nxd6 Rc6 28. Nxe4 Rc4 29. Re5 Bf4 30. Re7 Rfc8 31. c3 a4 32. Rdd7 Rf8 33. g6 Bh6 34. Nd6 Rxh4 35. gxf7+ Kh7 36. Re8 Rh1+ 37. Kc2 Rc1+ 38. Kd3 Rd1+ 39. Kc4 Rxd6 40. Rxd6 Rxf7 41. Rd5 Rb7 42. Rdd8 g5 43. Rh8+ Kg7 44. Rdg8+ Kf7 45. Rg6 Bf8 46. Rh7+ 1-0

[Event "Hamburg-chT Landesliga 2122"]
[Site "Hamburg"]
[Date "2022.05.15"]
[Round "4.3"]
[White "Posske, Thore"]
[Black "Priebe, Jan"]
[Result "0-1"]
[WhiteElo "2013"]
[BlackElo "2193"]
[PlyCount "84"]
[EventDate "2021.10.31"]
[EventType "team-tourn"]
[EventRounds "9"]
[EventCountry "GER"]
[SourceTitle "EXT 2023"]
[Source "ChessBase"]
[SourceDate "2022.10.05"]
[SourceVersion "1"]
[SourceVersionDate "2022.10.05"]
[SourceQuality "1"]
[WhiteTeam "Hamburger SK IV"]
[BlackTeam "St Pauli II"]
[WhiteTeamCountry "GER"]
[BlackTeamCountry "GER"]

1. d4 Nf6 2. c4 g6 3. Nc3 Bg7 4. e4 d6 5. Be2 0-0 6. Nf3 e5 7. 0-0 Na6 8. d5 Nh5 9. Ne1 Nf4 10. Bxf4 exf4 11. Nd3 Re8 12. Qd2 Qh4 13. Rac1 Bh6 14. f3 f5 15. b4 fxe4 16. Nxe4 Rxe4 17. fxe4 f3 18. Qe1 Qxe1 19. Rcxe1 fxe2 20. Rxe2 Bg4 21. Rc2 Re8 22. h3 Bd7 23. Re1 c6 24. a3 Bg7 25. Kf1 Rc8 26. dxc6 bxc6 27. Rd1 Re8 28. Re1 Nc7 29. c5 dxc5 30. Nxc5 Bc8 31. Rd1 Na6 32. Nb3 Nb8 33. Re1 Ba6+ 34. Kf2 Bb5 35. Ke3 Ba4 36. Rb1 Nd7 37. Rc4 Bb5 38. Rc2 Bh6+ 39. Kd4 Ne5 40. Nc5 Bg7 41. Ra2 Ng4+ 42. e5 Rxe5 0-1

[Event "Oberliga Nord N 1819"]
[Site "Germany"]
[Date "2019.02.03"]
[Round "6.2"]
[White "Priebe, Jan"]
[Black "Pedersen, Steffen"]
[Result "1/2-1/2"]
[WhiteElo "2268"]
[BlackElo "2348"]
[PlyCount "62"]
[EventDate "2018.10.21"]
[EventType "team-tourn"]
[EventRounds "9"]
[EventCountry "GER"]
[SourceTitle "EXT 2020"]
[Source "ChessBase"]
[SourceDate "2019.10.17"]
[SourceVersion "1"]
[SourceVersionDate "2019.10.17"]
[SourceQuality "1"]
[WhiteTeam "St Pauli II"]
[BlackTeam "Preetz"]
[WhiteTeamCountry "GER"]
[BlackTeamCountry "GER"]

1. e4 e5 2. Nf3 Nc6 3. Bb5 a6 4. Ba4 Nf6 5. 0-0 Be7 6. Re1 b5 7. Bb3 d6 8. c3 0-0 9. h3 Nd7 10. d4 Bf6 11. d5 Ne7 12. a4 Bb7 13. Bc2 Qb8 14. Be3 c6 15. dxc6 Bxc6 16. axb5 axb5 17. Rxa8 Bxa8 18. Na3 Nc5 19. Bxc5 dxc5 20. Qe2 Bc6 21. b4 c4 22. Nb1 Ng6 23. g3 Qa7 24. Rd1 Bd8 25. h4 Re8 26. Nbd2 Bb6 27. Nf1 Nf8 28. Rd6 Qc7 29. Rd2 Qa7 30. Rd6 Qc7 31. Rd2 Qa7 1/2-1/2

[Event "Rilton Cup 48th"]
[Site "Stockholm"]
[Date "2018.12.31"]
[Round "5"]
[White "Priebe, Jan"]
[Black "Asaka, Samuel"]
[Result "0-1"]
[WhiteElo "2254"]
[BlackElo "2132"]
[PlyCount "72"]
[EventDate "2018.12.27"]
[EventType "swiss"]
[EventRounds "9"]
[EventCountry "SWE"]
[SourceTitle "CBM 188 Extra"]
[Source "ChessBase"]
[SourceDate "2019.02.26"]
[SourceVersion "1"]
[SourceVersionDate "2019.02.26"]
[SourceQuality "1"]

1. e4 c6 2. d4 d5 3. Nd2 dxe4 4. Nxe4 Bf5 5. Ng3 Bg6 6. Nf3 Nd7 7. Bf4 e6 8. Bd3 Ngf6 9. 0-0 Be7 10. c4 0-0 11. Bxg6 hxg6 12. Qe2 Re8 13. Rfe1 Qa5 14. a3 Nh5 15. Nxh5 Qxh5 16. Qd2 Bf6 17. h3 Rad8 18. Bc7 Rc8 19. Bg3 Nb6 20. c5 Nd5 21. b4 Red8 22. Rab1 Nc7 23. Be5 Nb5 24. Qf4 Qf5 25. Qe3 Bxe5 26. Qxe5 Nxa3 27. Rbc1 Nb5 28. Rc4 Rd5 29. Qxf5 gxf5 30. Re5 Rd7 31. g4 g6 32. Re2 Rcd8 33. Rd2 Rd5 34. Kf1 fxg4 35. hxg4 e5 36. Ra2 e4 0-1

[Event "Rilton Cup 48th"]
[Site "Stockholm"]
[Date "2018.12.29"]
[Round "3"]
[White "Priebe, Jan"]
[Black "Emmoth, Alfons"]
[Result "1-0"]
[WhiteElo "2254"]
[BlackElo "2145"]
[PlyCount "84"]
[EventDate "2018.12.27"]
[EventType "swiss"]
[EventRounds "9"]
[EventCountry "SWE"]
[SourceTitle "CBM 188 Extra"]
[Source "ChessBase"]
[SourceDate "2019.02.26"]
[SourceVersion "1"]
[SourceVersionDate "2019.02.26"]
[SourceQuality "1"]

1. e4 e6 2. d4 d5 3. Nd2 Nf6 4. e5 Nfd7 5. c3 c5 6. Bd3 Nc6 7. Ne2 cxd4 8. cxd4 f6 9. exf6 Nxf6 10. Nf3 Bd6 11. Bf4 Qa5+ 12. Bd2 Qc7 13. 0-0 0-0 14. Nc3 a6 15. Rc1 Bd7 16. Na4 Rae8 17. Re1 Qb8 18. Nc5 e5 19. Nxd7 Nxd7 20. Qb3 exd4 21. Qxd5+ Kh8 22. Rxe8 Rxe8 23. Qf5 Nf6 24. Bg5 Ne7 25. Qh3 Ned5 26. Bxf6 Nxf6 27. Bxh7 Bxh2+ 28. Kh1 Qf4 29. Bd3+ Kg8 30. Bc4+ Kf8 31. Qh8+ Ke7 32. Re1+ Kd8 33. Rxe8+ Nxe8 34. Nxh2 Qxf2 35. Nf3 Qxb2 36. Qh4+ Kc8 37. Be6+ Kb8 38. Qd8+ Ka7 39. Qxe8 Qc1+ 40. Kh2 Qf4+ 41. Kh3 Qh6+ 42. Kg3 Qg6+ 1-0

[Event "Rilton Cup 48th"]
[Site "Stockholm"]
[Date "2018.12.27"]
[Round "1"]
[White "Priebe, Jan"]
[Black "Salomon, Johan"]
[Result "0-1"]
[WhiteElo "2254"]
[BlackElo "2494"]
[PlyCount "52"]
[EventDate "2018.12.27"]
[EventType "swiss"]
[EventRounds "9"]
[EventCountry "SWE"]
[SourceTitle "CBM 188 Extra"]
[Source "ChessBase"]
[SourceDate "2019.02.26"]
[SourceVersion "1"]
[SourceVersionDate "2019.02.26"]
[SourceQuality "1"]

1. e4 c5 2. Nf3 d6 3. d4 cxd4 4. Qxd4 Nf6 5. c4 Nc6 6. Qe3 Qb6 7. Qxb6 axb6 8. Bd3 Nb4 9. Ke2 Nxa2 10. Na3 Nxc1+ 11. Rhxc1 Bd7 12. Nb5 Rc8 13. Rc3 g6 14. Rb3 Bg7 15. Nbd4 Bg4 16. Ra7 Nd7 17. Nb5 Nc5 18. Rb4 0-0 19. Na3 Ra8 20. Rxa8 Rxa8 21. Rxb6 Bxb2 22. Nc2 Bg7 23. h3 Bd7 24. Ke3 Bh6+ 25. Ke2 Ra2 26. Nfd4 Ba4 0-1

[Event "BL2-Nord 1718"]
[Site "Germany"]
[Date "2018.03.18"]
[Round "8.6"]
[White "Bromann, Thorbjorn"]
[Black "Priebe, Jan"]
[Result "1-0"]
[WhiteElo "2384"]
[BlackElo "2274"]
[PlyCount "69"]
[EventDate "2017.10.08"]
[EventType "team-tourn"]
[EventRounds "9"]
[EventCountry "GER"]
[SourceTitle "CBM 183 Extra"]
[Source "ChessBase"]
[SourceDate "2018.04.19"]
[SourceVersion "1"]
[SourceVersionDate "2018.04.19"]
[SourceQuality "1"]
[WhiteTeam "Kiel Turm"]
[BlackTeam "Berlin SF II"]
[WhiteTeamCountry "GER"]
[BlackTeamCountry "GER"]

1. d4 Nf6 2. Bg5 c5 3. d5 e5 4. Nc3 d6 5. e4 Be7 6. Nf3 0-0 7. Bd2 Bd7 8. a4 Na6 9. Bxa6 bxa6 10. Qe2 Qb6 11. Bc1 Bg4 12. h3 Bxf3 13. Qxf3 Rab8 14. 0-0 Qc7 15. Nb1 c4 16. Ra3 Rfc8 17. Qe2 Nd7 18. Rc3 Nb6 19. b3 Qd8 20. a5 Nd7 21. Rxc4 Rxc4 22. Qxc4 Qxa5 23. Be3 Nc5 24. Bxc5 dxc5 25. Rd1 Bd6 26. Nd2 Rb4 27. Qc3 Qc7 28. Nc4 g6 29. Ra1 f5 30. Rxa6 Bf8 31. exf5 gxf5 32. Qg3+ Bg7 33. Rc6 Qe7 34. Rc8+ Kf7 35. d6 1-0

[Event "BL2-Nord 1617"]
[Site "Germany"]
[Date "2017.02.05"]
[Round "5.7"]
[White "Mueller, Oliver"]
[Black "Priebe, Jan"]
[Result "1/2-1/2"]
[WhiteElo "2301"]
[BlackElo "2237"]
[PlyCount "91"]
[EventDate "2016.10.16"]
[EventType "team-tourn"]
[EventRounds "9"]
[EventCountry "GER"]
[SourceTitle "EXT 2018"]
[Source "ChessBase"]
[SourceDate "2017.10.13"]
[SourceVersion "1"]
[SourceVersionDate "2017.10.13"]
[SourceQuality "1"]
[WhiteTeam "Werder Bremen II"]
[BlackTeam "Berlin SF II"]
[WhiteTeamCountry "GER"]
[BlackTeamCountry "GER"]

1. d4 Nf6 2. c4 g6 3. Nf3 Bg7 4. g3 0-0 5. Bg2 d6 6. Nc3 Nc6 7. 0-0 a6 8. h3 Bd7 9. e4 e5 10. Be3 exd4 11. Nxd4 Re8 12. Re1 Qc8 13. Kh2 b5 14. cxb5 Nxd4 15. Bxd4 axb5 16. Nd5 Nxd5 17. Bxg7 Kxg7 18. exd5 Qd8 19. Rxe8 Bxe8 20. a3 Qf6 21. Qd2 Bd7 22. Rc1 Ra7 23. Rc3 h5 24. Qc2 Bf5 25. Qc1 Qd4 26. Kg1 Be4 27. Bxe4 Qxe4 28. Qd2 Ra4 29. b4 Qe5 30. f4 Qf6 31. g4 hxg4 32. hxg4 Ra8 33. g5 Qf5 34. Qd4+ Kg8 35. Re3 Rf8 36. Kh2 f6 37. Re7 Qg4 38. Qe4 Qh4+ 39. Kg2 fxg5 40. Qe6+ Kh8 41. Re8 Rxe8 42. Qxe8+ Kg7 43. Qe7+ Kh6 44. Qf8+ Kh7 45. Qf7+ Kh6 46. Qf8+ 1/2-1/2

[Event "BL2-Nord 1617"]
[Site "Germany"]
[Date "2016.11.20"]
[Round "2.6"]
[White "Michna, Christian"]
[Black "Priebe, Jan"]
[Result "0-1"]
[WhiteElo "2270"]
[BlackElo "2237"]
[PlyCount "86"]
[EventDate "2016.10.16"]
[EventType "team-tourn"]
[EventRounds "9"]
[EventCountry "GER"]
[SourceTitle "EXT 2018"]
[Source "ChessBase"]
[SourceDate "2017.10.13"]
[SourceVersion "1"]
[SourceVersionDate "2017.10.13"]
[SourceQuality "1"]
[WhiteTeam "Norderstedt"]
[BlackTeam "Berlin SF II"]
[WhiteTeamCountry "GER"]
[BlackTeamCountry "GER"]

1. d4 Nf6 2. Nc3 d6 3. e4 c6 4. Bg5 h6 5. Bh4 Qa5 6. Qd2 Nbd7 7. Nf3 e5 8. Be2 Be7 9. 0-0 Nf8 10. Rad1 Qc7 11. dxe5 dxe5 12. Bg3 Ng6 13. Nh4 Nxh4 14. Bxh4 0-0 15. Bg3 b5 16. Bf3 Be6 17. Ne2 Rfd8 18. Qc3 Nd7 19. b3 f6 20. Qb2 Qa5 21. c3 Nc5 22. Nc1 Qb6 23. Qe2 a5 24. Rxd8+ Rxd8 25. Rd1 b4 26. cxb4 Rxd1+ 27. Qxd1 Qxb4 28. h3 Nxe4 29. Nd3 Qd4 30. Bxe4 Qxe4 31. f3 Qd5 32. Be1 Bd8 33. Qe2 a4 34. bxa4 Qd4+ 35. Bf2 Qxa4 36. Nc1 Be7 37. Be3 c5 38. Qb2 c4 39. Bd2 Qd1+ 40. Kh2 Bd6 41. Qc3 g5 42. Qa5 Kg7 43. Qa7+ Bf7 0-1

[Event "Oberliga Nord W 1516"]
[Site "Germany"]
[Date "2016.04.10"]
[Round "9.2"]
[White "Ivanov, Vladimir"]
[Black "Priebe, Jan"]
[Result "1-0"]
[WhiteElo "2373"]
[BlackElo "2280"]
[PlyCount "141"]
[EventDate "2015.09.20"]
[EventType "team-tourn"]
[EventRounds "9"]
[EventCountry "GER"]
[SourceTitle "EXT 2017"]
[Source "ChessBase"]
[SourceDate "2016.10.25"]
[SourceVersion "1"]
[SourceVersionDate "2016.10.25"]
[SourceQuality "1"]
[WhiteTeam "Hannover"]
[BlackTeam "Goettingen Tempo"]
[WhiteTeamCountry "GER"]
[BlackTeamCountry "GER"]

1. d4 Nf6 2. Nf3 g6 3. g3 Bg7 4. Bg2 0-0 5. 0-0 d6 6. c4 Nc6 7. b3 a6 8. Bb2 Rb8 9. d5 Na5 10. Bc3 c5 11. Qe1 b6 12. e4 Bg4 13. h3 Bxf3 14. Bxf3 Nd7 15. Bxg7 Kxg7 16. Qc3+ Kg8 17. Nd2 b5 18. Bg2 e6 19. f4 bxc4 20. dxe6 fxe6 21. Nxc4 Nxc4 22. Qxc4 Qe7 23. Qxa6 Rb6 24. Qd3 e5 25. Rad1 Nf6 26. Rf2 Kg7 27. f5 gxf5 28. Rxf5 Nd7 29. a4 Nb8 30. a5 Ra6 31. Rxf8 Qxf8 32. Qb5 Qc8 33. Bf1 Rc6 34. Qe2 c4 35. bxc4 Na6 36. Qh5 h6 37. Be2 Nc5 38. Rf1 Rc7 39. Qh4 Qe6 40. Bg4 Qe7 41. Qxe7+ Rxe7 42. Rd1 Ra7 43. Rxd6 Rxa5 44. Bf5 h5 45. Rg6+ Kf7 46. Rg5 Ra3 47. h4 Rc3 48. Kg2 Rxc4 49. Rxh5 Nxe4 50. Bxe4 Rxe4 51. Kf3 Re1 52. Rg5 Ke6 53. Rg8 Rf1+ 54. Ke2 Rh1 55. Kf2 Kf5 56. Ra8 Rb1 57. Kg2 Rb2+ 58. Kh3 e4 59. Rf8+ Ke5 60. h5 e3 61. Re8+ Kd4 62. g4 e2 63. Kh4 Kd3 64. g5 Rb1 65. g6 e1Q+ 66. Rxe1 Rxe1 67. Kg5 Re5+ 68. Kh6 Ke4 69. g7 Re8 70. Kg6 Re6+ 71. Kf7 1-0

[Event "BL2-West 1112"]
[Site "Germany"]
[Date "2012.03.18"]
[Round "8.2"]
[White "Priebe, Jan"]
[Black "Van Kampen, Robin"]
[Result "0-1"]
[WhiteElo "2265"]
[BlackElo "2529"]
[PlyCount "82"]
[EventDate "2011.10.02"]
[EventType "team-tourn"]
[EventRounds "9"]
[EventCountry "GER"]
[SourceTitle "EXT 2015"]
[Source "ChessBase"]
[SourceDate "2014.11.20"]
[SourceVersion "1"]
[SourceVersionDate "2014.11.20"]
[SourceQuality "1"]
[WhiteTeam "Goettingen Tempo"]
[BlackTeam "Bochum"]
[WhiteTeamCountry "GER"]
[BlackTeamCountry "GER"]

1. e4 c5 2. Nf3 d6 3. d4 cxd4 4. Nxd4 Nf6 5. Nc3 a6 6. Be3 e5 7. Nb3 Be6 8. f3 h5 9. Qd2 Nbd7 10. Nd5 Bxd5 11. exd5 g6 12. Be2 Bg7 13. 0-0 0-0 14. Na5 Qc7 15. c4 e4 16. b4 exf3 17. gxf3 Rad8 18. Rac1 Ne5 19. Kg2 Rfe8 20. Rfe1 Kh7 21. Bf1 Qd7 22. Qf2 Re7 23. Nb3 Rde8 24. h3 b5 25. Bg5 bxc4 26. Bxc4 Qf5 27. Bxf6 Bxf6 28. Bxa6 Bh4 29. Qxh4 Nxf3 30. Qxe7 Rxe7 31. Rxe7 Nh4+ 32. Kg1 Qg5+ 33. Kf2 Qxe7 34. b5 Nf5 35. Re1 Qh4+ 36. Ke2 Qa4 37. Ra1 Qe4+ 38. Kd2 Ne3 39. b6 Nxd5 40. b7 Qb4+ 41. Ke2 Nc7 0-1

[Event "Bethune op 32th"]
[Site "Bethune"]
[Date "2011.12.30"]
[Round "9.2"]
[White "Priebe, Jan"]
[Black "Buchenau, Frank"]
[Result "1/2-1/2"]
[WhiteElo "2275"]
[BlackElo "2261"]
[PlyCount "40"]
[EventDate "2011.12.26"]
[EventType "swiss"]
[EventRounds "9"]
[EventCountry "FRA"]
[SourceTitle "EXT 2014"]
[Source "ChessBase"]
[SourceDate "2013.11.20"]
[SourceVersion "1"]
[SourceVersionDate "2013.11.20"]
[SourceQuality "1"]

1. e4 e6 2. d4 d5 3. Nd2 Nf6 4. e5 Nfd7 5. c3 c5 6. Bd3 b6 7. a4 Nc6 8. Ne2 cxd4 9. cxd4 Nb4 10. Nb3 Nxd3+ 11. Qxd3 a5 12. Nc3 Ba6 13. Nb5 Bb4+ 14. Bd2 Bxd2+ 15. Nxd2 0-0 16. 0-0 Qe7 17. Nb1 Bxb5 18. Qxb5 Rfc8 19. Na3 Rc7 20. Rfc1 Qd8 1/2-1/2

[Event "Bethune op 32th"]
[Site "Bethune"]
[Date "2011.12.27"]
[Round "4.1"]
[White "Solleveld, Maarten"]
[Black "Priebe, Jan"]
[Result "1/2-1/2"]
[WhiteElo "2502"]
[BlackElo "2275"]
[PlyCount "91"]
[EventDate "2011.12.26"]
[EventType "swiss"]
[EventRounds "9"]
[EventCountry "FRA"]
[SourceTitle "EXT 2014"]
[Source "ChessBase"]
[SourceDate "2013.11.20"]
[SourceVersion "1"]
[SourceVersionDate "2013.11.20"]
[SourceQuality "1"]

1. c4 Nf6 2. Nc3 g6 3. e4 d6 4. d4 Bg7 5. Bd3 0-0 6. Nge2 Nc6 7. 0-0 e5 8. d5 Nd4 9. Bg5 h6 10. Bh4 Nxe2+ 11. Bxe2 Qd7 12. Qd2 Nh7 13. Kh1 f5 14. exf5 Qxf5 15. f3 Qf7 16. Ne4 Qf4 17. Qe1 Qf7 18. Bd3 Bf6 19. Bf2 Bf5 20. c5 Bxe4 21. Qxe4 Kg7 22. cxd6 cxd6 23. Qb4 Qe7 24. Rac1 Bg5 25. Rc4 h5 26. Qc3 Rf7 27. Qc2 Qf6 28. Rc7 a6 29. Bb6 Raf8 30. g3 Rxc7 31. Qxc7+ Rf7 32. Qc2 h4 33. Qc4 hxg3 34. hxg3 Bh6 35. f4 Kg8 36. Qe4 exf4 37. Bd4 Qg5 38. Qxg6+ Qxg6 39. Bxg6 Rf8 40. Kg2 Nf6 41. Bf5 fxg3 42. Rf3 Nh5 43. Be6+ Kh7 44. Bf5+ Kg8 45. Be6+ Kh7 46. Bf5+ 1/2-1/2

[Event "Bethune op 32th"]
[Site "Bethune"]
[Date "2011.12.26"]
[Round "2.3"]
[White "Navrotescu, Catalin"]
[Black "Priebe, Jan"]
[Result "0-1"]
[WhiteElo "2421"]
[BlackElo "2275"]
[PlyCount "56"]
[EventDate "2011.12.26"]
[EventType "swiss"]
[EventRounds "9"]
[EventCountry "FRA"]
[SourceTitle "EXT 2014"]
[Source "ChessBase"]
[SourceDate "2013.11.20"]
[SourceVersion "1"]
[SourceVersionDate "2013.11.20"]
[SourceQuality "1"]

1. d4 Nf6 2. c4 g6 3. Nc3 Bg7 4. e4 d6 5. Nf3 0-0 6. Be2 e5 7. 0-0 Na6 8. Re1 exd4 9. Nxd4 Nc5 10. f3 a5 11. Ndb5 Bd7 12. Be3 Bxb5 13. Nxb5 Qe7 14. Bf1 Ne8 15. Qd2 b6 16. Rad1 Nf6 17. g3 Rad8 18. Bg2 c6 19. Nc3 Rfe8 20. Bd4 Qc7 21. f4 Ne6 22. Ne2 Nxd4 23. Nxd4 Nd7 24. e5 Nb8 25. Bxc6 Nxc6 26. Nb5 Qb8 27. exd6 Rxe1+ 28. Rxe1 Nd4 0-1

[Event "Berlin Lichtenrade op 07th"]
[Site "Berlin"]
[Date "2011.10.10"]
[Round "3"]
[White "Tran, My Linh"]
[Black "Priebe, Jan"]
[Result "0-1"]
[WhiteElo "2018"]
[BlackElo "2265"]
[PlyCount "86"]
[EventDate "2011.10.08"]
[EventType "swiss"]
[EventRounds "9"]
[EventCountry "GER"]
[SourceTitle "CBM 144 Extra"]
[Source "ChessBase"]
[SourceDate "2011.10.28"]
[SourceVersion "1"]
[SourceVersionDate "2011.10.28"]
[SourceQuality "1"]

1. e4 c5 2. Nf3 Nc6 3. d4 cxd4 4. Nxd4 Nf6 5. Nc3 d6 6. Bg5 Bd7 7. Nb3 Rc8 8. f3 h6 9. Be3 e6 10. Qd2 a6 11. a4 Ne5 12. a5 Qc7 13. Bb6 Nc4 14. Bxc7 Nxd2 15. Bb6 Nxb3 16. cxb3 Bc6 17. Bc4 d5 18. exd5 exd5 19. Bd3 Bd6 20. 0-0 0-0 21. Rad1 Nd7 22. Bf2 Nf6 23. Rfe1 Bb4 24. Bf5 Rce8 25. Rxe8 Rxe8 26. Bb6 Re7 27. Rd4 Bd6 28. Rd1 Bc7 29. Bxc7 Rxc7 30. Kf2 Kf8 31. b4 Ke7 32. Ke3 Kd6 33. Kd4 Re7 34. Bc2 Ne8 35. Bb3 Nc7 36. g3 g5 37. Bc2 Re5 38. Rd2 f5 39. Re2 Rxe2 40. Nxe2 Ne6+ 41. Kc3 Ke5 42. Bd3 d4+ 43. Kd2 Bxf3 0-1

[Event "Maastricht Limburg op-A 5th"]
[Site "Maastricht"]
[Date "2011.06.13"]
[Round "7"]
[White "Miedema, David"]
[Black "Priebe, Jan"]
[Result "1/2-1/2"]
[WhiteElo "2409"]
[BlackElo "2252"]
[PlyCount "115"]
[EventDate "2011.06.10"]
[EventType "swiss"]
[EventRounds "7"]
[EventCountry "NED"]
[SourceTitle "CBM 142 Extra"]
[Source "ChessBase"]
[SourceDate "2011.06.27"]
[SourceVersion "1"]
[SourceVersionDate "2011.06.27"]
[SourceQuality "1"]

1. d4 Nf6 2. c4 g6 3. Nc3 Bg7 4. e4 d6 5. f3 0-0 6. Be3 c6 7. Qd2 a6 8. Bd3 b5 9. Nge2 Nbd7 10. 0-0 Bb7 11. b4 a5 12. Rab1 axb4 13. Rxb4 bxc4 14. Bxc4 Ba6 15. Nf4 c5 16. dxc5 Nxc5 17. Nfd5 Nxd5 18. Nxd5 e6 19. Nb6 Rb8 20. Bxa6 Rxb6 21. Bb5 Qc7 22. a4 Ra8 23. Rfb1 Rbb8 24. Rd1 Bf8 25. Rc4 Rc8 26. Qc2 e5 27. Rd5 Qb7 28. h3 h5 29. Kh2 Qe7 30. Qc3 Rcb8 31. Rd1 Kh7 32. Qc2 Rb6 33. Qd2 Kg8 34. Bg5 Qa7 35. Qe3 Rab8 36. Qe1 Kh7 37. Qh4 Kg8 38. f4 Ne6 39. f5 Nxg5 40. Qxg5 Kg7 41. f6+ Kh7 42. Qe3 Bh6 43. Qf2 Qa5 44. Rd3 Kg8 45. Rdc3 R6b7 46. Rc6 Rd8 47. Rc8 Rxc8 48. Rxc8+ Kh7 49. h4 Rc7 50. Rxc7 Qxc7 51. Qa2 Be3 52. Qc4 Qa7 53. Be8 Kg8 54. Qc8 Bf4+ 55. Kh1 Qf2 56. Bxf7+ Kxf7 57. Qd7+ Kxf6 58. Qxd6+ 1/2-1/2

[Event "Maastricht Limburg op-A 5th"]
[Site "Maastricht"]
[Date "2011.06.13"]
[Round "1"]
[White "Priebe, Jan"]
[Black "Solleveld, Maarten"]
[Result "1-0"]
[WhiteElo "2252"]
[BlackElo "2507"]
[PlyCount "103"]
[EventDate "2011.06.10"]
[EventType "swiss"]
[EventRounds "7"]
[EventCountry "NED"]
[SourceTitle "CBM 142 Extra"]
[Source "ChessBase"]
[SourceDate "2011.06.27"]
[SourceVersion "1"]
[SourceVersionDate "2011.06.27"]
[SourceQuality "1"]

1. e4 c5 2. Nf3 e6 3. d4 cxd4 4. Nxd4 a6 5. Bd3 Bc5 6. Nb3 Be7 7. 0-0 d6 8. a4 Nf6 9. a5 Nc6 10. Nc3 0-0 11. Be3 Ne5 12. f4 Nxd3 13. Qxd3 Bd7 14. Rfd1 Bc6 15. Nd4 Qc7 16. h3 Nd7 17. Qc4 Rfc8 18. f5 e5 19. Nxc6 bxc6 20. b4 Qb7 21. Rab1 Rab8 22. Qd3 Rd8 23. Na4 g6 24. fxg6 hxg6 25. Nb6 Nxb6 26. Bxb6 Rd7 27. c4 Bd8 28. c5 d5 29. exd5 Rxd5 30. Qe2 Rxd1+ 31. Rxd1 Bf6 32. Qf3 Bg7 33. Rd6 Rc8 34. Qg4 Re8 35. Qe4 Rc8 36. Kf1 Bf8 37. Qg4 Re8 38. Qd7 Qb8 39. Qc7 Qa8 40. Rd7 e4 41. Rxf7 Re6 42. Qd7 Qe8 43. Qxe8 Rxe8 44. Rf6 e3 45. Ke2 Bh6 46. Rxc6 Kg7 47. Rc7+ Kf6 48. c6 Re4 49. Rh7 Bf4 50. g3 Bxg3 51. c7 Rc4 52. Bc5 1-0

[Event "Maastricht Limburg op-A 5th"]
[Site "Maastricht"]
[Date "2011.06.13"]
[Round "2"]
[White "Priebe, Jan"]
[Black "Tonndorf, Matthias"]
[Result "1-0"]
[WhiteElo "2252"]
[BlackElo "2196"]
[PlyCount "115"]
[EventDate "2011.06.10"]
[EventType "swiss"]
[EventRounds "7"]
[EventCountry "NED"]
[SourceTitle "CBM 142 Extra"]
[Source "ChessBase"]
[SourceDate "2011.06.27"]
[SourceVersion "1"]
[SourceVersionDate "2011.06.27"]
[SourceQuality "1"]

1. e4 c5 2. Nf3 e6 3. d4 cxd4 4. Nxd4 a6 5. Nc3 Qc7 6. Bd3 Nc6 7. Be3 Nf6 8. 0-0 Ne5 9. h3 Bc5 10. Qe2 Ng6 11. Nb3 Bxe3 12. Qxe3 d6 13. a4 0-0 14. Rfd1 Bd7 15. Rd2 Rfd8 16. Bf1 e5 17. g3 Be6 18. Rad1 Ne7 19. Bg2 Bxb3 20. cxb3 Nc6 21. Bf1 Nd4 22. Ne2 Nc6 23. g4 h6 24. f3 Nh7 25. Nc3 Nd4 26. Nd5 Qc5 27. Kg2 Ng5 28. b4 Qa7 29. f4 Nh7 30. a5 Kh8 31. Bc4 Rac8 32. b3 Nf8 33. f5 Nc6 34. Qxa7 Nxa7 35. Nb6 Rc7 36. Rxd6 Rxd6 37. Rxd6 Nc6 38. Bd5 Nxb4 39. Rd8 Kg8 40. Rb8 Nd3 41. Bxb7 Nf4+ 42. Kf1 Rc1+ 43. Kf2 Nxh3+ 44. Ke2 Rc2+ 45. Kd3 Rc7 46. Bxa6 Nf2+ 47. Ke3 Nxg4+ 48. Kf3 Nf6 49. Bc4 h5 50. a6 h4 51. Nd5 Ra7 52. Nxf6+ gxf6 53. b4 Kg7 54. Rxf8 Kxf8 55. b5 Rc7 56. b6 Rxc4 57. b7 Rc3+ 58. Kg2 1-0

[Event "Maastricht Limburg op-A 5th"]
[Site "Maastricht"]
[Date "2011.06.13"]
[Round "3"]
[White "Swinkels, Robin"]
[Black "Priebe, Jan"]
[Result "1/2-1/2"]
[WhiteElo "2483"]
[BlackElo "2252"]
[PlyCount "80"]
[EventDate "2011.06.10"]
[EventType "swiss"]
[EventRounds "7"]
[EventCountry "NED"]
[SourceTitle "CBM 142 Extra"]
[Source "ChessBase"]
[SourceDate "2011.06.27"]
[SourceVersion "1"]
[SourceVersionDate "2011.06.27"]
[SourceQuality "1"]

1. d4 Nf6 2. c4 g6 3. g3 Bg7 4. Bg2 0-0 5. Nf3 d6 6. Nc3 Nc6 7. 0-0 a6 8. Qd3 e5 9. dxe5 dxe5 10. Qxd8 Rxd8 11. Bg5 Re8 12. Rfd1 h6 13. Bxf6 Bxf6 14. Nd2 Nd4 15. e3 Ne6 16. a4 a5 17. Nb5 Bd8 18. Nb3 Kg7 19. Rac1 Rf8 20. Rd2 Be7 21. c5 c6 22. Nd6 Rd8 23. Rcd1 Kf8 24. Bh3 Bxd6 25. Rxd6 Rxd6 26. cxd6 Ke8 27. Bxe6 Bxe6 28. Nc5 b6 29. Nxe6 fxe6 30. Kg2 Kd7 31. Rd2 Rf8 32. h4 c5 33. e4 Rf7 34. Rd1 g5 35. hxg5 hxg5 36. Rd2 g4 37. Rd3 c4 38. Rc3 Kxd6 39. Rxc4 Rf3 40. b4 Rd3 1/2-1/2

[Event "Maastricht Limburg op-A 5th"]
[Site "Maastricht"]
[Date "2011.06.12"]
[Round "4"]
[White "Priebe, Jan"]
[Black "Ducarmon, Quinten"]
[Result "1/2-1/2"]
[WhiteElo "2252"]
[BlackElo "2347"]
[PlyCount "60"]
[EventDate "2011.06.10"]
[EventType "swiss"]
[EventRounds "7"]
[EventCountry "NED"]
[SourceTitle "CBM 142 Extra"]
[Source "ChessBase"]
[SourceDate "2011.06.27"]
[SourceVersion "1"]
[SourceVersionDate "2011.06.27"]
[SourceQuality "1"]

1. e4 c6 2. d4 d5 3. Nd2 dxe4 4. Nxe4 Bf5 5. Ng3 Bg6 6. Nf3 Nd7 7. h4 h6 8. h5 Bh7 9. Bd3 Bxd3 10. Qxd3 e6 11. Bd2 Ngf6 12. 0-0-0 Be7 13. Qe2 c5 14. c4 cxd4 15. Nxd4 0-0 16. Kb1 a6 17. Nb3 Qc7 18. Rc1 Rac8 19. Nf5 Bc5 20. Nfd4 Rfd8 21. Be3 Qe5 22. Qf3 Qe4+ 23. Qxe4 Nxe4 24. Nxc5 Ndxc5 25. f3 Ng3 26. Rh3 Nd3 27. Rd1 Nf5 28. Nxf5 exf5 29. b3 f4 30. Bb6 Rd7 1/2-1/2